გალაკტიონ ტაბიძის ენის ლექსიკონი : წ. 2 : (ბიბ.ჩანაწერი № 52953)
[ მარტივი ფორმატი ]
| 000 -ლიდერი | |
|---|---|
| ფიქსირებული სიგრძის საკონტროლო ველი | 01558nam a2200265Ia 4500 |
| 001 - საკონტროლო ნომერი | |
| საკონტროლო ველი | 19984 |
| 003 - საკონტროლო ნომრის იდენტიფიკატორი | |
| საკონტროლო ველი | GE_BSU |
| 005 - ბოლო ოპერაციის თარიღი და დრო | |
| საკონტროლო ველი | 20200526225036.0 |
| 008 - ფიქსირებული სიგრძის მონაცემთა ელემენტები - ზოგადი ინფორმაცია | |
| ფიქსირებული სიგრძის საკონტროლო ველი | 181216s1991||||ge |||||||||||||| ||geo|| |
| 040 ## - კატალოგიზაციის წყარო | |
| Transcribing agency | GE_BSU |
| 041 ## - ენის კოდი | |
| Language code of text/sound track or separate title | geo |
| 080 ## - უნივერსალური ათობითი კლასიფიკაციის ინდექსი | |
| Universal Decimal Classification number | 81'374(038)=353.1-26 ს-26 |
| 100 ## - მთავარი ჩანაწერი - პიროვნების სახელი | |
| Personal name | სანიკიძე, თენგიზ |
| 9 (RLIN) | 8206 |
| 245 ## - ცნობა სათაურის შესახებ | |
| Title | გალაკტიონ ტაბიძის ენის ლექსიკონი : წ. 2 : |
| Remainder of title | დ - ლ / |
| Statement of responsibility, etc | თენგიზ სანიკიძე, ც. სანიკიძე ; [რედ. კ. დანელია]. |
| 264 ## - წარმოების, გამოცემის, დისტრიბუციის და სხვა ცნობები | |
| გამოცემის, წარმოების, დისტრიბუციის... ადგილი | თბილისი : |
| გამოცემის, წარმოების, დისტრიბუციის... სახელწოდება | თბილ. უნ-ტის გამ-ბა, |
| გამოცემის, წარმოების, დისტრიბუციის... თარიღი | 1991. |
| 300 ## - ფიზიკური აღწერა | |
| Extent | 1152 გვ. ; |
| Dimensions | 22 სმ. |
| 500 ## - ზოგადი შენიშვნა | |
| General note | წინამდებარე ლექსიკონში მოთავსებულია დ,ე,ვ,ზ,თ,კ,ლ,ასოებით დაწყებული ყველა სიტყვა.წარმოდგენილი სიტყვიერი მასალა დიდ დახმარებას გაუწევს ქართული სიტყვით დაინტერესებულ პირებს. |
| 653 ## - INDEX TERM--UNCONTROLLED | |
| Uncontrolled term | ლექსები |
| 653 ## - INDEX TERM--UNCONTROLLED | |
| Uncontrolled term | ტაბიძე გალაკტიონ |
| 653 ## - INDEX TERM--UNCONTROLLED | |
| Uncontrolled term | ქართული ენა |
| 700 ## - ADDED ENTRY--PERSONAL NAME | |
| Personal name | სანიკიძე, ც. |
| Relator term | ავტორი |
| 9 (RLIN) | 8207 |
| 700 ## - ADDED ENTRY--PERSONAL NAME | |
| Personal name | დანელია, კ. |
| Relator term | რედაქტორი |
| 9 (RLIN) | 7767 |
| 942 ## - ADDED ENTRY ELEMENTS (KOHA) | |
| Koha item type | წიგნი |
| Source of classification or shelving scheme | |
| ჩამოწერის სტატუსი | დაკარგული ეგზემპლარის სტატუსი | კლასიფიკაციის წყარო ან თაროზე გაწყობის სქემა | დაზიანების სტატუსი | არ გაიცემა | მუდმივი მდებარეობა (დაცვის ადგილი) | ამჟამინდელი ადგილსამყოფელი | თაროზე განთავსების ადგილი | შეძენის თარიღი | ღირებულება, შესყიდვის ნორმალური ფასი | სრული შენახვის შიფრი | შტრიხკოდი | ბოლო ოპერაციის თარიღი | ეგზემპლარის მიმდევრობითი ნომერი (კეტერი?) | ფასის ძალაში შესვლის თარიღი | ეგზემპლარის სახეობა | საჯარო შენიშვნა |
|---|---|---|---|---|---|---|---|---|---|---|---|---|---|---|---|---|
| ბათუმის შოთა რუსთაველის სახელმწიფო უნივერსიტეტის მთავარი ბიბლიოთეკა | ბათუმის შოთა რუსთაველის სახელმწიფო უნივერსიტეტის მთავარი ბიბლიოთეკა | წიგნსაცავი | 2018-12-17 | 44.80 | 81'374(038)=353.1-26 ს-26 | 52678 | 2018-12-17 | 52678 | 2018-12-17 | წიგნი | 44.80 ლ. | |||||
| ბათუმის შოთა რუსთაველის სახელმწიფო უნივერსიტეტის მთავარი ბიბლიოთეკა | ბათუმის შოთა რუსთაველის სახელმწიფო უნივერსიტეტის მთავარი ბიბლიოთეკა | წიგნსაცავი | 2018-12-17 | 44.80 | 81'374(038)=353.1-26 ს-26 | 52679 | 2018-12-17 | 52679 | 2018-12-17 | წიგნი | 44.80 ლ. | |||||
| ბათუმის შოთა რუსთაველის სახელმწიფო უნივერსიტეტის მთავარი ბიბლიოთეკა | ბათუმის შოთა რუსთაველის სახელმწიფო უნივერსიტეტის მთავარი ბიბლიოთეკა | წიგნსაცავი | 2018-12-17 | 44.80 | 81'374(038)=353.1-26 ს-26 | 52680 | 2018-12-17 | 52680 | 2018-12-17 | წიგნი | 44.80 ლ. | |||||
| ბათუმის შოთა რუსთაველის სახელმწიფო უნივერსიტეტის მთავარი ბიბლიოთეკა | ბათუმის შოთა რუსთაველის სახელმწიფო უნივერსიტეტის მთავარი ბიბლიოთეკა | წიგნსაცავი | 2018-12-17 | 44.80 | 81'374(038)=353.1-26 ს-26 | 52681 | 2018-12-17 | 52681 | 2018-12-17 | წიგნი | 44.80 ლ. | |||||
| ბათუმის შოთა რუსთაველის სახელმწიფო უნივერსიტეტის მთავარი ბიბლიოთეკა | ბათუმის შოთა რუსთაველის სახელმწიფო უნივერსიტეტის მთავარი ბიბლიოთეკა | წიგნსაცავი | 2018-12-17 | 44.80 | 81'374(038)=353.1-26 ს-26 | 52682 | 2018-12-17 | 52682 | 2018-12-17 | წიგნი | 44.80 ლ. | |||||
| ბათუმის შოთა რუსთაველის სახელმწიფო უნივერსიტეტის მთავარი ბიბლიოთეკა | ბათუმის შოთა რუსთაველის სახელმწიფო უნივერსიტეტის მთავარი ბიბლიოთეკა | წიგნსაცავი | 2018-12-17 | 44.80 | 81'374(038)=353.1-26 ს-26 | 52683 | 2018-12-17 | 52683 | 2018-12-17 | წიგნი | 44.80 ლ. |
